000 00620nam a2200241Ia 4500
003 OSt
005 20140311163106.0
008 140130s9999 xx 000 0 und d
020 _a9780439636018
050 _aE 185.97.K5
_b.R84 2001
100 _aRuffin, Frances
_931349
245 _aMartin Luther King, Jr. and the March on Washington /
_cFrances Ruffin.
260 _bScholastic,
_c2001.
_aNew York :
300 _a45 p. :
_bcol. ill. ;
_c23 cm.
440 _v1
_931174
521 _aG2
526 _c480
942 _cBK
_2lcc
999 _c40478
_d40478